[Event "DEM U18 2023"]
[Site "Willingen GER"]
[Date "2023.06.01"]
[Round "7"]
[White "Wurmbauer, Nils"]
[Black "Evering, Sören"]
[Result "1/2-1/2"]
[Termination "normal"]
[Board "12"]
[WhiteElo "1995"]
[BlackElo "2061"]
[WhiteClock "00:08:06"]
[BlackClock "00:07:03"]
[PlyCount "53"]
[WhiteFideId "16253337"]
[BlackFideId "12974650"]
[EventCountry "GER"]
[EventRounds "9"]
[EventType "swiss"]
[EventDate "2023.05.27"]

1. e4 {[%clk 01:30:58]} {[%emt 00:00:01]} e5 {[%clk 01:30:55]} {[%emt
00:00:06]} 2. Nf3 {[%clk 01:31:25]} {[%emt 00:00:03]} Nc6 {[%clk 01:31:18]}
{[%emt 00:00:06]} 3. Bc4 {[%clk 01:31:50]} {[%emt 00:00:05]} Nf6 {[%clk
01:31:34]} {[%emt 00:00:14]} 4. d3 {[%clk 01:32:09]} {[%emt 00:00:11]} Bc5
{[%clk 01:31:33]} {[%emt 00:00:32]} 5. Nc3 {[%clk 01:32:17]} {[%emt 00:00:21]}
a6 {[%clk 01:31:25]} {[%emt 00:00:38]} 6. Be3 {[%clk 01:31:19]} {[%emt
00:01:28]} Bxe3 {[%clk 01:29:22]} {[%emt 00:02:32]} 7. fxe3 {[%clk 01:31:30]}
{[%emt 00:00:19]} d6 {[%clk 01:29:23]} {[%emt 00:00:29]} 8. O-O {[%clk
01:30:39]} {[%emt 00:01:21]} O-O {[%clk 01:28:53]} {[%emt 00:00:59]} 9. Qe1
{[%clk 01:23:47]} {[%emt 00:07:23]} Na5 {[%clk 01:16:44]} {[%emt 00:12:38]} 10.
Bb3 {[%clk 01:22:11]} {[%emt 00:02:06]} Nxb3 {[%clk 01:07:30]} {[%emt
00:09:44]} 11. axb3 {[%clk 01:22:22]} {[%emt 00:00:20]} c6 {[%clk 01:04:27]}
{[%emt 00:03:33]} 12. Ne2 {[%clk 01:15:37]} {[%emt 00:07:14]} Re8 {[%clk
00:50:24]} {[%emt 00:14:33]} 13. Qg3 {[%clk 00:55:42]} {[%emt 00:20:25]} Ng4
{[%clk 00:41:45]} {[%emt 00:09:11]} 14. Nd2 {[%clk 00:53:44]} {[%emt 00:02:27]}
d5 {[%clk 00:40:12]} {[%emt 00:02:03]} 15. Qf3 {[%clk 00:20:28]} {[%emt
00:33:45]} Be6 {[%clk 00:37:26]} {[%emt 00:03:17]} 16. exd5 {[%clk 00:19:33]}
{[%emt 00:01:25]} cxd5 {[%clk 00:37:14]} {[%emt 00:00:42]} 17. h3 {[%clk
00:18:39]} {[%emt 00:01:24]} Nf6 {[%clk 00:33:33]} {[%emt 00:04:13]} 18. d4
{[%clk 00:18:26]} {[%emt 00:00:40]} exd4 {[%clk 00:30:57]} {[%emt 00:03:07]}
19. exd4 {[%clk 00:18:43]} {[%emt 00:00:13]} Rc8 {[%clk 00:29:02]} {[%emt
00:02:24]} 20. c3 {[%clk 00:15:05]} {[%emt 00:04:08]} Ne4 {[%clk 00:23:34]}
{[%emt 00:05:59]} 21. Qd3 {[%clk 00:15:20]} {[%emt 00:00:15]} Qd7 {[%clk
00:19:56]} {[%emt 00:04:08]} 22. Ng3 {[%clk 00:13:58]} {[%emt 00:01:52]} Nxg3
{[%clk 00:14:47]} {[%emt 00:05:40]} 23. Qxg3 {[%clk 00:14:26]} {[%emt
00:00:01]} Bf5 {[%clk 00:15:09]} {[%emt 00:00:08]} 24. Rae1 {[%clk 00:13:25]}
{[%emt 00:01:31]} Bg6 {[%clk 00:15:07]} {[%emt 00:00:31]} 25. Rf3 {[%clk
00:12:55]} {[%emt 00:01:00]} f6 {[%clk 00:09:11]} {[%emt 00:06:26]} 26. Rfe3
{[%clk 00:12:53]} {[%emt 00:00:32]} Kf8 {[%clk 00:07:03]} {[%emt 00:02:38]} 27.
Rxe8+ {[%clk 00:08:06]} {[%emt 00:05:17]} 1/2-1/2

[Event "DEM U18 2023"]
[Site "Willingen GER"]
[Date "2023.06.01"]
[Round "7"]
[White "Plaumann, Arvin"]
[Black "Chitsazian, Daniel"]
[Result "1/2-1/2"]
[Termination "normal"]
[Board "13"]
[WhiteElo "1786"]
[BlackElo "1900"]
[WhiteClock "00:24:28"]
[BlackClock "00:07:09"]
[PlyCount "56"]
[WhiteFideId "16272927"]
[BlackFideId "34607560"]
[EventCountry "GER"]
[EventRounds "9"]
[EventType "swiss"]
[EventDate "2023.05.27"]

1. d4 {[%clk 01:30:58]} {[%emt 00:00:02]} d5 {[%clk 01:29:56]} {[%emt
00:01:05]} 2. Nf3 {[%clk 01:31:23]} {[%emt 00:00:04]} Nf6 {[%clk 01:30:13]}
{[%emt 00:00:13]} 3. g3 {[%clk 01:31:48]} {[%emt 00:00:05]} Bf5 {[%clk
01:30:37]} {[%emt 00:00:06]} 4. c4 {[%clk 01:32:14]} {[%emt 00:00:05]} e6
{[%clk 01:30:38]} {[%emt 00:00:28]} 5. Nc3 {[%clk 01:31:43]} {[%emt 00:01:01]}
h6 {[%clk 01:29:32]} {[%emt 00:01:36]} 6. Qb3 {[%clk 01:31:30]} {[%emt
00:00:43]} Nc6 {[%clk 01:23:32]} {[%emt 00:06:31]} 7. a3 {[%clk 01:05:31]}
{[%emt 00:26:29]} Na5 {[%clk 01:20:56]} {[%emt 00:03:05]} 8. Qa4+ {[%clk
01:02:25]} {[%emt 00:03:36]} c6 {[%clk 01:21:07]} {[%emt 00:00:20]} 9. Ne5
{[%clk 00:56:59]} {[%emt 00:05:55]} Ne4 {[%clk 01:08:14]} {[%emt 00:13:24]} 10.
Nxe4 {[%clk 00:46:55]} {[%emt 00:10:33]} Bxe4 {[%clk 01:06:02]} {[%emt
00:02:42]} 11. f3 {[%clk 00:47:21]} {[%emt 00:00:04]} Bh7 {[%clk 00:59:02]}
{[%emt 00:07:30]} 12. Bd2 {[%clk 00:46:48]} {[%emt 00:01:03]} Nxc4 {[%clk
00:59:05]} {[%emt 00:00:28]} 13. Nxc4 {[%clk 00:47:05]} {[%emt 00:00:13]} dxc4
{[%clk 00:59:01]} {[%emt 00:00:34]} 14. Qxc4 {[%clk 00:47:29]} {[%emt
00:00:05]} Qd5 {[%clk 00:57:33]} {[%emt 00:01:58]} 15. Qxd5 {[%clk 00:46:13]}
{[%emt 00:01:46]} exd5 {[%clk 00:56:36]} {[%emt 00:01:28]} 16. Kf2 {[%clk
00:42:09]} {[%emt 00:04:33]} c5 {[%clk 00:53:30]} {[%emt 00:03:36]} 17. Rc1
{[%clk 00:40:37]} {[%emt 00:02:02]} cxd4 {[%clk 00:47:29]} {[%emt 00:06:31]}
18. Bg2 {[%clk 00:39:50]} {[%emt 00:01:17]} Bd6 {[%clk 00:39:53]} {[%emt
00:08:07]} 19. Rhd1 {[%clk 00:36:24]} {[%emt 00:03:55]} Ke7 {[%clk 00:27:38]}
{[%emt 00:12:46]} 20. Bb4 {[%clk 00:36:04]} {[%emt 00:00:49]} Bxb4 {[%clk
00:14:24]} {[%emt 00:13:44]} 21. axb4 {[%clk 00:36:29]} {[%emt 00:00:05]} d3
{[%clk 00:13:01]} {[%emt 00:01:54]} 22. exd3 {[%clk 00:34:19]} {[%emt
00:02:39]} Rhc8 {[%clk 00:12:48]} {[%emt 00:00:43]} 23. Ke3 {[%clk 00:34:08]}
{[%emt 00:00:41]} Kd6 {[%clk 00:12:46]} {[%emt 00:00:32]} 24. Kd4 {[%clk
00:29:01]} {[%emt 00:05:37]} Bf5 {[%clk 00:10:03]} {[%emt 00:03:13]} 25. Rc5
{[%clk 00:24:34]} {[%emt 00:04:57]} Be6 {[%clk 00:06:50]} {[%emt 00:03:43]} 26.
Rdc1 {[%clk 00:24:52]} {[%emt 00:00:12]} Rxc5 {[%clk 00:07:09]} {[%emt
00:00:12]} 27. bxc5+ {[%clk 00:24:41]} {[%emt 00:00:40]} Kc6 {[%clk 00:07:09]}
{[%emt 00:00:30]} 28. f4 {[%clk 00:24:28]} {[%emt 00:00:43]} g6 {[%emt
00:02:32]} 1/2-1/2

[Event "DEM U18 2023"]
[Site "Willingen GER"]
[Date "2023.06.02"]
[Round "8"]
[White "Bilovil, Bogdan"]
[Black "Hommer, Jeremy"]
[Result "1/2-1/2"]
[Termination "normal"]
[Board "2"]
[WhiteTitle "FM"]
[WhiteElo "2348"]
[BlackElo "2313"]
[WhiteClock "01:03:33"]
[BlackClock "01:13:29"]
[PlyCount "42"]
[WhiteFideId "14168766"]
[BlackFideId "12992577"]
[EventCountry "GER"]
[EventRounds "9"]
[EventType "swiss"]
[EventDate "2023.05.27"]

1. d4 {[%emt 0:00:02]} Nf6 {[%emt 0:00:10]} 2. c4 {[%emt 0:00:07]} e6 {[%emt
0:00:08]} 3. Nc3 {[%emt 0:00:23]} Bb4 {[%emt 0:00:05]} 4. e3 {[%emt 0:00:19]}
b6 {[%emt 0:02:20]} 5. Bd3 {[%emt 0:02:58]} Bb7 {[%emt 0:00:36]} 6. Nf3 {[%emt
0:00:07]} O-O {[%emt 0:01:18]} 7. O-O {[%emt 0:00:36]} c5 {[%emt 0:00:50]} 8.
Bd2 {[%emt 0:08:49]} cxd4 {[%emt 0:04:51]} 9. Nxd4 {[%emt 0:01:41]} Nc6 {[%emt
0:05:21]} 10. a3 {[%emt 0:02:18]} Be7 {[%emt 0:03:25]} 11. Nxc6 {[%emt
0:02:56]} dxc6 {[%emt 0:02:33]} 12. Qc2 {[%emt 0:00:52]} Qc7 {[%emt 0:00:57]}
13. Rad1 {[%emt 0:09:53]} Rad8 {[%emt 0:00:51]} 14. Ne4 {[%emt 0:03:00]} Nxe4
15. Bxe4 h6 16. Bc3 Rxd1 17. Rxd1 Rd8 18. Rxd8+ Qxd8 19. Qd3 Qxd3 20. Bxd3 c5
21. f3 Bf6 {normal} 1/2-1/2

[Event "DEM U18 2023"]
[Site "Willingen GER"]
[Date "2023.06.02"]
[Round "8"]
[White "Nied, Pascal"]
[Black "Farokhi, Keyvan"]
[Result "1/2-1/2"]
[Termination "normal"]
[Board "3"]
[BlackTitle "FM"]
[WhiteElo "2189"]
[BlackElo "2266"]
[WhiteClock "00:02:30"]
[BlackClock "00:20:02"]
[PlyCount "79"]
[WhiteFideId "16260597"]
[BlackFideId "12998630"]
[EventCountry "GER"]
[EventRounds "9"]
[EventType "swiss"]
[EventDate "2023.05.27"]

1. e4 Nf6 2. e5 Nd5 3. d4 d6 4. c4 Nb6 5. exd6 cxd6 6. Nc3 g6 7. Be3 Bg7 8. Rc1
O-O 9. b3 d5 10. c5 Nc6 11. Nf3 Bg4 12. Be2 Nc8 13. O-O e6 14. Ne1 Bxe2 15.
Nxe2 N8e7 16. Nc2 a5 17. a3 b6 18. b4 axb4 19. axb4 bxc5 20. bxc5 Nf5 21. Qd3
e5 22. Rfd1 Qh4 23. h3 Rfd8 24. Qb5 exd4 25. Bf4 Rac8 26. g4 Be5 {[%emt
1:13:07]} 27. Kg2 Bxf4 {[%emt 0:02:40]} 28. Nxf4 Qg5 {[%emt 0:00:23]} 29. Ne2
Re8 {[%emt 0:03:50]} 30. Qd3 Ne5 {[%emt 0:01:54]} 31. Qd2 Nh4+ {[%emt 0:01:06]}
32. Kg3 Qxd2 {[%emt 0:00:39]} 33. Rxd2 d3 {[%emt 0:00:11]} 34. Ne1 dxe2 35.
Kxh4 d4 {[%emt 0:09:55]} 36. Rxd4 Red8 {[%emt 0:01:14]} 37. Rxd8+ Rxd8 {[%emt
0:01:09]} 38. Rc2 Rc8 {[%emt 0:01:31]} 39. f4 Nd7 {[%emt 0:01:04]} 40. Kg3
{normal} 1/2-1/2

[Event "DEM U18 2023"]
[Site "Willingen GER"]
[Date "2023.06.02"]
[Round "8"]
[White "Haack, Kevin"]
[Black "Weihrauch, Jakob"]
[Result "0-1"]
[Termination "normal"]
[Board "4"]
[WhiteTitle "FM"]
[WhiteElo "2303"]
[BlackElo "2291"]
[WhiteClock "00:59:00"]
[BlackClock "00:52:24"]
[PlyCount "68"]
[WhiteFideId "16228715"]
[BlackFideId "16210115"]
[EventCountry "GER"]
[EventRounds "9"]
[EventType "swiss"]
[EventDate "2023.05.27"]

1. e4 c5 2. Nf3 d6 3. d4 cxd4 4. Nxd4 Nf6 5. Nc3 a6 6. f4 e5 7. Nb3 Nc6 8. Bd3
Be7 9. O-O O-O 10. Nd5 Nxd5 11. exd5 Nb4 12. Be4 f5 13. Bf3 a5 14. c3 Na6 15.
a4 exf4 16. Bxf4 g5 17. Be3 Bf6 18. Be2 Be5 19. Bd3 Qe7 20. Qh5 f4 21. Rae1
fxe3 22. Bxh7+ Kg7 23. Bd3 Rf4 24. g3 Rf2 25. Nd4 Nc5 26. Bb1 Qf6 27. Nf3
{[%emt 1:11:36]} Bf5 {[%emt 0:02:08]} 28. Bxf5 {[%emt 0:02:11]} Qxf5 {[%emt
0:00:05]} 29. b4 {[%emt 0:01:46]} Rh8 {[%emt 0:00:19]} 30. g4 {[%emt 0:01:06]}
Qxf3 {[%emt 0:00:24]} 31. Qxg5+ {[%emt 0:00:10]} Kf7 {[%emt 0:00:05]} 32. Qf5+
{[%emt 0:01:09]} Qxf5 {[%emt 0:00:06]} 33. gxf5 {[%emt 0:00:04]} Rg8+ {[%emt
0:00:04]} 34. Kh1 {[%emt 0:00:07]} Rxh2# {[%emt 0:00:04]} 0-1

[Event "DEM U18 2023"]
[Site "Willingen GER"]
[Date "2023.06.02"]
[Round "8"]
[White "Albert, Markus"]
[Black "Chassard, Cedric"]
[Result "1/2-1/2"]
[Termination "normal"]
[Board "5"]
[WhiteElo "2232"]
[BlackElo "2041"]
[WhiteClock "00:19:09"]
[BlackClock "00:05:29"]
[PlyCount "245"]
[WhiteFideId "16292626"]
[BlackFideId "16243536"]
[EventCountry "GER"]
[EventRounds "9"]
[EventType "swiss"]
[EventDate "2023.05.27"]

1. e4 {[%emt 0:00:05]} e5 {[%emt 0:00:02]} 2. Nc3 {[%emt 0:00:31]} Nf6 {[%emt
0:00:14]} 3. Bc4 {[%emt 0:00:44]} Nxe4 {[%emt 0:02:33]} 4. Qh5 {[%emt 0:00:30]}
Nd6 {[%emt 0:00:11]} 5. Bb3 {[%emt 0:00:15]} Be7 {[%emt 0:08:14]} 6. Nf3 {[%emt
0:02:10]} O-O {[%emt 0:02:23]} 7. Nxe5 {[%emt 0:08:43]} Nc6 {[%emt 0:00:35]} 8.
O-O {[%emt 0:04:26]} Nxe5 {[%emt 0:01:27]} 9. Qxe5 {[%emt 0:00:05]} Ne8 {[%emt
0:09:57]} 10. Re1 {[%emt 0:07:20]} Bf6 {[%emt 0:01:45]} 11. Qh5 {[%emt
0:02:42]} c6 {[%emt 0:02:03]} 12. Ne4 {[%emt 0:01:52]} d5 {[%emt 0:01:11]} 13.
Nxf6+ {[%emt 0:00:25]} Nxf6 {[%emt 0:00:09]} 14. Qd1 {[%emt 0:07:40]} Ng4
{[%emt 0:08:40]} 15. h3 {[%emt 0:05:46]} Qh4 {[%emt 0:17:49]} 16. Qf3 {[%emt
0:19:42]} Nf6 17. d3 Be6 18. Bf4 Rfe8 19. Re2 Qh5 {[%emt 0:02:46]} 20. Qxh5
{[%emt 0:02:25]} Nxh5 {[%emt 0:00:05]} 21. Be5 {[%emt 0:01:23]} Nf6 {[%emt
0:09:04]} 22. Rae1 {[%emt 0:04:03]} Nd7 {[%emt 0:00:07]} 23. Bd6 {[%emt
0:01:35]} Rad8 {[%emt 0:01:33]} 24. c3 {[%emt 0:02:42]} Nf6 {[%emt 0:00:07]}
25. Bc7 {[%emt 0:00:34]} Rc8 {[%emt 0:00:21]} 26. Be5 {[%emt 0:00:19]} Bd7
{[%emt 0:06:02]} 27. d4 {[%emt 0:00:40]} Re6 {[%emt 0:02:47]} 28. Bc2 {[%emt
0:01:18]} Rce8 {[%emt 0:00:42]} 29. f3 {[%emt 0:00:41]} R6e7 {[%emt 0:02:13]}
30. Kf2 {[%emt 0:00:22]} Bc8 {[%emt 0:01:57]} 31. Bd3 {[%emt 0:02:35]} Nd7
{[%emt 0:00:27]} 32. Bd6 {[%emt 0:01:18]} Rxe2+ {[%emt 0:00:07]} 33. Bxe2
{[%emt 0:00:03]} f6 {[%emt 0:00:47]} 34. g4 {[%emt 0:05:50]} Kf7 {[%emt
0:00:26]} 35. Rc1 {[%emt 0:01:11]} Nb6 {[%emt 0:02:11]} 36. b3 {[%emt 0:00:21]}
Be6 {[%emt 0:00:29]} 37. Bd3 {[%emt 0:00:17]} Rh8 {[%emt 0:01:58]} 38. Re1
{[%emt 0:01:53]} g6 {[%emt 0:01:16]} 39. h4 {[%emt 0:01:56]} h5 {[%emt
0:02:20]} 40. Kg3 {[%emt 0:04:50]} hxg4 {[%emt 0:00:38]} 41. fxg4 {[%emt
0:00:07]} Rg8 {[%emt 0:01:27]} 42. Rf1 {[%emt 0:01:28]} Nc8 {[%emt 0:03:09]}
43. Bf4 {[%emt 0:01:34]} Ke7 {[%emt 0:00:53]} 44. Bc2 {[%emt 0:01:55]} g5
{[%emt 0:01:59]} 45. hxg5 {[%emt 0:01:01]} fxg5 {[%emt 0:00:08]} 46. Be5 {[%emt
0:02:27]} Nd6 {[%emt 0:01:26]} 47. Rh1 {[%emt 0:07:17]} Rf8 {[%emt 0:01:24]}
48. Re1 {[%emt 0:02:39]} Kd7 {[%emt 0:02:58]} 49. Bd3 {[%emt 0:02:31]} Ne4+
{[%emt 0:04:52]} 50. Bxe4 {[%emt 0:00:09]} dxe4 51. Rxe4 {[%emt 0:00:13]} Rf1
{[%emt 0:02:07]} 52. c4 {[%emt 0:15:02]} Rg1+ {[%emt 0:00:31]} 53. Kh3 {[%emt
0:00:13]} b5 {[%emt 0:00:39]} 54. cxb5 {[%emt 0:00:54]} cxb5 {[%emt 0:00:15]}
55. Bf6 {[%emt 0:00:42]} Rh1+ {[%emt 0:00:15]} 56. Kg2 {[%emt 0:00:26]} Ra1
{[%emt 0:01:48]} 57. Re2 {[%emt 0:01:17]} a6 {[%emt 0:03:19]} 58. Bxg5 {[%emt
0:02:18]} Bxg4 {[%emt 0:00:10]} 59. Rf2 {[%emt 0:00:47]} Be6 {[%emt 0:00:13]}
60. Kf3 {[%emt 0:00:53]} a5 {[%emt 0:01:13]} 61. Ke4 {[%emt 0:01:20]} Re1+
{[%emt 0:01:56]} 62. Be3 {[%emt 0:00:10]} Rd1 {[%emt 0:03:28]} 63. Bd2 {[%emt
0:00:40]} a4 {[%emt 0:04:06]} 64. d5 {[%emt 0:01:13]} Bg8 {[%emt 0:00:33]} 65.
Ke5 {[%emt 0:08:42]} Rh1 {[%emt 0:00:11]} 66. Rg2 {[%emt 0:01:33]} Rh5+ {[%emt
0:00:46]} 67. Bg5 {[%emt 0:00:06]} axb3 {[%emt 0:00:15]} 68. axb3 {[%emt
0:00:02]} Rh3 {[%emt 0:00:51]} 69. Ra2 {[%emt 0:01:00]} Bxd5 {[%emt 0:04:04]}
70. Kxd5 {[%emt 0:00:14]} Rd3+ {[%emt 0:00:04]} 71. Kc5 {[%emt 0:01:07]} Rxb3
{[%emt 0:00:05]} 72. Re2 {[%emt 0:00:38]} Rc3+ {[%emt 0:00:45]} 73. Kxb5 {[%emt
0:00:06]} Kd6 {[%emt 0:00:32]} 74. Bd2 {[%emt 0:01:49]} Rc8 {[%emt 0:00:12]}
75. Bb4+ {[%emt 0:00:17]} Kd5 {[%emt 0:00:07]} 76. Rd2+ {[%emt 0:00:05]} Ke4
{[%emt 0:00:04]} 77. Bc5 {[%emt 0:00:32]} Ra8 {[%emt 0:00:10]} 78. Kc4 {[%emt
0:00:26]} Ra4+ {[%emt 0:00:07]} 79. Bb4 {[%emt 0:00:02]} Ra8 {[%emt 0:00:06]}
80. Re2+ {[%emt 0:00:05]} Kf3 {[%emt 0:00:02]} 81. Re6 {[%emt 0:00:55]} Rc8+
{[%emt 0:00:13]} 82. Kd3 {[%emt 0:00:41]} Rd8+ {[%emt 0:00:03]} 83. Bd6 {[%emt
0:00:05]} Rd7 {[%emt 0:00:22]} 84. Rf6+ {[%emt 0:00:05]} Kg4 {[%emt 0:00:09]}
85. Ke4 {[%emt 0:00:28]} Kg5 {[%emt 0:01:41]} 86. Re6 {[%emt 0:00:06]} Rg7
{[%emt 0:01:03]} 87. Bf4+ {[%emt 0:00:36]} Kg4 {[%emt 0:00:10]} 88. Ra6 {[%emt
0:00:48]} Rb7 {[%emt 0:01:20]} 89. Rg6+ {[%emt 0:00:12]} Kh5 {[%emt 0:00:13]}
90. Rg5+ {[%emt 0:01:30]} Kh4 {[%emt 0:00:05]} 91. Rg8 {[%emt 0:00:17]} Kh5
{[%emt 0:00:33]} 92. Rg1 {[%emt 0:02:15]} Kh4 {[%emt 0:01:29]} 93. Be5 {[%emt
0:00:53]} Rf7 {[%emt 0:00:21]} 94. Rg8 {[%emt 0:00:44]} Kh5 {[%emt 0:00:41]}
95. Bf4 {[%emt 0:01:01]} Rb7 {[%emt 0:00:22]} 96. Kf3 {[%emt 0:01:07]} Rf7
{[%emt 0:01:17]} 97. Rh8+ {[%emt 0:00:13]} Kg6 {[%emt 0:00:03]} 98. Kg4 {[%emt
0:00:06]} Rb7 {[%emt 0:00:41]} 99. Rh6+ {[%emt 0:00:18]} Kg7 {[%emt 0:00:05]}
100. Re6 {[%emt 0:01:00]} Kf7 {[%emt 0:00:05]} 101. Kf5 {[%emt 0:00:12]} Rb5+
{[%emt 0:00:08]} 102. Be5 {[%emt 0:00:01]} Rb1 {[%emt 0:00:29]} 103. Ra6 {[%emt
0:00:20]} Rf1+ {[%emt 0:00:15]} 104. Bf4 {[%emt 0:00:02]} Ke7 {[%emt 0:00:11]}
105. Ra7+ {[%emt 0:00:18]} Kd8 106. Ke4 {[%emt 0:00:26]} Rb1 {[%emt 0:00:12]}
107. Bd6 {[%emt 0:00:41]} Rb5 {[%emt 0:00:09]} 108. Kd4 {[%emt 0:00:13]} Ke8
{[%emt 0:00:15]} 109. Bc5 {[%emt 0:00:15]} Rb1 {[%emt 0:00:19]} 110. Kd5 {[%emt
0:00:31]} Rd1+ {[%emt 0:00:16]} 111. Bd4 {[%emt 0:00:21]} Rd2 {[%emt 0:00:25]}
112. Rh7 {[%emt 0:00:25]} Kf8 {[%emt 0:00:16]} 113. Ke5 {[%emt 0:00:13]} Rc2
{[%emt 0:01:03]} 114. Kf5 {[%emt 0:00:15]} Ke8 {[%emt 0:00:33]} 115. Ke6 {[%emt
0:01:16]} Rc6+ {[%emt 0:00:13]} 116. Kd5 {[%emt 0:00:11]} Ra6 {[%emt 0:00:34]}
117. Be5 {[%emt 0:00:05]} Kf8 {[%emt 0:00:37]} 118. Bd6+ {[%emt 0:00:18]} Kg8
{[%emt 0:00:08]} 119. Rd7 {[%emt 0:00:07]} Ra2 {[%emt 0:00:47]} 120. Ke6 {[%emt
0:00:17]} Ra1 {[%emt 0:01:30]} 121. Rd8+ {[%emt 0:02:04]} Kh7 {[%emt 0:00:19]}
122. Be5 {[%emt 0:00:04]} Rf1 {[%emt 0:01:53]} 123. Bf6 {[%emt 0:00:27]}
1/2-1/2

[Event "DEM U18 2023"]
[Site "Willingen GER"]
[Date "2023.06.02"]
[Round "8"]
[White "Bornholdt, Joa Max"]
[Black "Pubantz, Jan"]
[Result "1/2-1/2"]
[Termination "normal"]
[Board "6"]
[WhiteTitle "FM"]
[WhiteElo "2250"]
[BlackElo "2332"]
[WhiteClock "00:06:54"]
[BlackClock "00:06:32"]
[PlyCount "177"]
[WhiteFideId "16253477"]
[BlackFideId "12996114"]
[EventCountry "GER"]
[EventRounds "9"]
[EventType "swiss"]
[EventDate "2023.05.27"]

1. e4 {[%emt 0:00:25]} c6 {[%emt 0:00:04]} 2. c4 {[%emt 0:00:21]} d5 {[%emt
0:00:07]} 3. exd5 {[%emt 0:00:13]} cxd5 {[%emt 0:00:04]} 4. cxd5 {[%emt
0:00:21]} Nf6 {[%emt 0:00:05]} 5. Nc3 {[%emt 0:00:04]} Nxd5 {[%emt 0:00:29]} 6.
Nf3 {[%emt 0:00:25]} Nxc3 {[%emt 0:00:47]} 7. dxc3 {[%emt 0:00:20]} Qxd1+
{[%emt 0:00:42]} 8. Kxd1 {[%emt 0:00:04]} Nc6 {[%emt 0:09:44]} 9. Be3 {[%emt
0:07:19]} Bf5 {[%emt 0:03:15]} 10. Bb5 {[%emt 0:04:17]} Be4 {[%emt 0:07:47]}
11. Ke2 {[%emt 0:07:05]} a6 {[%emt 0:10:49]} 12. Bc4 {[%emt 0:07:01]} e6 {[%emt
0:06:15]} 13. Bb6 {[%emt 0:06:55]} Be7 {[%emt 0:02:08]} 14. Rhd1 {[%emt
0:04:50]} Bd8 {[%emt 0:01:57]} 15. Be3 {[%emt 0:06:47]} Bf6 {[%emt 0:06:25]}
16. Bb6 {[%emt 0:23:04]} Bd8 {[%emt 0:03:41]} 17. Be3 {[%emt 0:01:34]} Bf6
{[%emt 0:06:10]} 18. Bb6 {[%emt 0:01:13]} O-O {[%emt 0:04:24]} 19. Bb3 {[%emt
0:04:37]} Bd8 {[%emt 0:05:53]} 20. Bc5 {[%emt 0:02:22]} Be7 {[%emt 0:00:28]}
21. Bb6 {[%emt 0:05:55]} Bd8 {[%emt 0:01:40]} 22. Bc5 {[%emt 0:00:09]} Re8
{[%emt 0:00:27]} 23. Rd7 {[%emt 0:03:37]} Na5 {[%emt 0:01:56]} 24. Rad1 {[%emt
0:06:38]} Nxb3 {[%emt 0:01:28]} 25. axb3 {[%emt 0:00:41]} Bc6 {[%emt 0:03:43]}
26. R7d2 {[%emt 0:04:02]} e5 {[%emt 0:01:07]} 27. c4 {[%emt 0:03:09]} f6 {[%emt
0:02:18]} 28. b4 {[%emt 0:00:55]} Rc8 {[%emt 0:01:15]} 29. b3 {[%emt 0:00:28]}
Bc7 {[%emt 0:01:22]} 30. Bd6 {[%emt 0:01:52]} Bb6 {[%emt 0:00:37]} 31. Bc5
{[%emt 0:00:05]} Bc7 {[%emt 0:02:13]} 32. Bd6 {[%emt 0:01:15]} Bd8 {[%emt
0:02:11]} 33. Bc5 {[%emt 0:04:32]} f5 {[%emt 0:01:05]} 34. Kf1 {[%emt 0:01:08]}
Bf6 {[%emt 0:00:19]} 35. Bb6 {[%emt 0:01:24]} Kf7 {[%emt 0:02:37]} 36. Re2
{[%emt 0:00:01]} Re6 {[%emt 0:00:57]} 37. Bc5 {[%emt 0:01:18]} Rce8 {[%emt
0:00:59]} 38. Rd6 {[%emt 0:00:25]} b6 {[%emt 0:02:27]} 39. Rxe6 {[%emt
0:00:24]} Rxe6 {[%emt 0:00:07]} 40. Be3 {[%emt 0:00:14]} f4 {[%emt 0:01:01]}
41. Bc1 {[%emt 0:02:19]} e4 {[%emt 0:04:16]} 42. Ne1 {[%emt 0:00:29]} g5 {[%emt
0:01:05]} 43. Ra2 {[%emt 0:02:46]} Bb7 {[%emt 0:03:58]} 44. Bb2 {[%emt
0:08:46]} Be7 {[%emt 0:03:33]} 45. Bc3 {[%emt 0:01:01]} Rh6 {[%emt 0:11:18]}
46. Kg1 {[%emt 0:01:01]} Rd6 {[%emt 0:05:21]} 47. Rd2 {[%emt 0:00:56]} Rxd2
{[%emt 0:00:54]} 48. Bxd2 {[%emt 0:00:02]} Bf6 {[%emt 0:00:43]} 49. Kf1 {[%emt
0:04:54]} Ke6 {[%emt 0:00:40]} 50. Ke2 {[%emt 0:00:29]} Kf5 {[%emt 0:00:34]}
51. f3 {[%emt 0:07:03]} e3 {[%emt 0:00:46]} 52. Bc1 {[%emt 0:00:01]} h5 {[%emt
0:01:09]} 53. h3 {[%emt 0:00:20]} g4 {[%emt 0:00:34]} 54. hxg4+ {[%emt
0:00:01]} hxg4 {[%emt 0:00:02]} 55. Nd3 {[%emt 0:00:37]} Kg5 {[%emt 0:00:56]}
56. Nxf4 {[%emt 0:04:38]} Kxf4 {[%emt 0:00:50]} 57. Bxe3+ {[%emt 0:00:07]} Kg3
{[%emt 0:00:34]} 58. Bxb6 {[%emt 0:00:14]} gxf3+ {[%emt 0:00:56]} 59. gxf3
{[%emt 0:00:01]} Bxf3+ {[%emt 0:01:00]} 60. Kd3 {[%emt 0:00:23]} Bd1 {[%emt
0:00:58]} 61. b5 {[%emt 0:00:23]} axb5 {[%emt 0:00:08]} 62. cxb5 {[%emt
0:00:08]} Bxb3 {[%emt 0:00:06]} 63. Bd4 {[%emt 0:00:39]} Be7 {[%emt 0:01:01]}
64. Ke4 {[%emt 0:00:20]} Ba4 {[%emt 0:00:39]} 65. b6 {[%emt 0:00:05]} Bc6+
{[%emt 0:00:03]} 66. Ke5 {[%emt 0:00:14]} Kf3 {[%emt 0:00:22]} 67. Bg1 {[%emt
0:01:06]} Ke2 {[%emt 0:00:15]} 68. Ke6 {[%emt 0:00:46]} Bb4 {[%emt 0:00:14]}
69. Bd4 {[%emt 0:00:26]} Kd3 {[%emt 0:00:27]} 70. Bg1 {[%emt 0:00:06]} Ke4
{[%emt 0:00:38]} 71. Bf2 {[%emt 0:00:32]} Kf4 {[%emt 0:00:12]} 72. Bd4 {[%emt
0:00:38]} Ke4 {[%emt 0:00:18]} 73. Bf2 {[%emt 0:00:19]} Kd3 {[%emt 0:00:34]}
74. Bg1 {[%emt 0:00:06]} Be1 {[%emt 0:00:25]} 75. Kd6 {[%emt 0:00:52]} Bg2
{[%emt 0:00:14]} 76. Bh2 {[%emt 0:00:45]} Kc4 {[%emt 0:00:20]} 77. Bg1 {[%emt
0:01:32]} Bg3+ {[%emt 0:00:16]} 78. Ke6 {[%emt 0:00:26]} Kb5 {[%emt 0:00:26]}
79. Be3 {[%emt 0:00:29]} Kc6 {[%emt 0:00:10]} 80. Kf5 {[%emt 0:00:25]} Kd7
{[%emt 0:00:22]} 81. Bc5 {[%emt 0:00:41]} Be1 {[%emt 0:00:22]} 82. Bd4 {[%emt
0:00:15]} Kd6 {[%emt 0:00:35]} 83. Be3 {[%emt 0:00:23]} Kc6 {[%emt 0:00:27]}
84. Bd4 {[%emt 0:00:09]} Bg3 {[%emt 0:00:14]} 85. Be3 {[%emt 0:00:12]} Bh2
{[%emt 0:00:11]} 86. Bf2 {[%emt 0:01:29]} Bh3+ {[%emt 0:00:10]} 87. Ke4 {[%emt
0:00:05]} Bg1 {[%emt 0:00:05]} 88. Bxg1 {[%emt 0:00:08]} Bg2+ {[%emt 0:00:05]}
89. Ke5 {[%emt 0:00:05]} 1/2-1/2